00692 2200241 4500001002100000005001700021008004100038020002200079035002500101040001200126082001200138084001600150245009500166250001100261260003000272300003400302650002400336700001900360700001700379700002100396850001200417990002100429INLIS00000000002064920160602101903.0  a978-602-8811-57-6 a0010-061600000000060 aYOPDYOG a371.106 a371.106 Ind aINDONESIA mengajarc/ Agus Rachmanto [et al] ; penyunting, IKhdah Henny & Retno Widyastuti aCet. 1 aYogyakartabBentangc2011 axviii, 295 hlm.bilus ;c21cm aGuru dan Masyarakat aAgus Rachmanto aIkhdah Henny aRetno Widyastuti aYOPDYOG a1450-RBM/PD.A.16